| 000 | 02401cam a22003738i 4500 | ||
|---|---|---|---|
| 999 |
_c19204 _d19204 |
||
| 001 | 22559008 | ||
| 005 | 20240219133108.0 | ||
| 008 | 220523s2022 nju b 001 0 eng c | ||
| 010 | _a 2022023382 | ||
| 020 | _a9781119779261 | ||
| 020 | _z9781119909590 | ||
| 020 | _z9781119779278 | ||
| 040 |
_aMdU/DLC _beng _erda _cMdU |
||
| 042 | _apcc | ||
| 050 | 0 | 0 |
_aBF105 _b.G66 2022 |
| 082 | 0 | 0 |
_aDC 050.904 _22022 _bG631 |
| 100 | 1 |
_aGoodwin, C. James, _eauthor. _952673 |
|
| 245 | 1 | 2 |
_aA history of modern psychology / _cC. James Goodwin. |
| 250 | _aSixth edition. | ||
| 260 |
_aHoboken, NJ : _bWiley, _c[2022]. |
||
| 263 | _a2209 | ||
| 300 |
_axv, 448 pages : _billustrations ; _c26 cm. |
||
| 504 | _aIncludes bibliographical references and index. | ||
| 505 | 0 | _aINTRODUCING PSYCHOLOGY'S HISTORY -- THE PHILOSOPHICAL CONTEXT -- THE SCIENTIFIC CONTEXT -- WUNDT AND GERMAN PSYCHOLOGY -- DARWIN'S CENTURY: EVOLUTIONARY THINKING -- AMERICAN PIONEERS -- STRUCTURAL AND FUNCTIONAL PSYCHOLOGIES -- APPLYING THE NEW PSYCHOLOGY -- GESTALT PSYCHOLOGY -- THE ORIGINS OF BEHAVIORISM -- FROM NEOBEHAVIORISM TO COGNITIVE PSYCHOLOGY -- MENTAL ILLNESS AND ITS TREATMENT -- PSYCHOLOGY'S PRACTITIONERS -- PSYCHOLOGY'S ACADEMIC SUBDISCIPLINES -- PSYCHOLOGY IN THE 21ST CENTURY | |
| 520 | _a"This chapter opens by describing why it is important to know about history in general and psychology's history in particular. Then a contrast is drawn between traditional histories of psychology, which emphasize the contributions of distinguished psychologists, the outcomes of famous experiments, and the debates among adherents of different "schools" of psychology, and a more recent approach, which tries to situate events and people in a broader historical context. This chapter also considers the methods used by historians to conduct research in history and the problems they face when constructing historical narratives from available data"-- | ||
| 650 | 0 |
_aPsychology _xHistory _y20th century. _952674 |
|
| 650 | 0 |
_aPsychology _xHistory _y19th century. _952675 |
|
| 710 | 2 |
_aJohn Wiley & Sons, _epublisher. _952676 |
|
| 776 | 0 | 8 |
_iOnline version: _aGoodwin, C. James. _tHistory of modern psychology _bSixth edition. _dHoboken, NJ : Wiley, [2022] _z9781119909590 _w(DLC) 2022023383 |
| 365 |
_b15,610.00 _cPhp |
||
| 906 |
_a7 _bcbc _corignew _d1 _eecip _f20 _gy-gencatlg |
||
| 942 |
_2ddc _cDC |
||